South Asia (Record no. 788592)

MARC details
000 -LEADER
fixed length control field 00661nam a2200229Ia 4500
003 - CONTROL NUMBER IDENTIFIER
control field OSt
005 - DATE AND TIME OF LATEST TRANSACTION
control field 20220928130757.0
008 - FIXED-LENGTH DATA ELEMENTS--GENERAL INFORMATION
fixed length control field 220927b |||||||| |||| 00| 0 eng d
037 ## - SOURCE OF ACQUISITION
Terms of availability Reference Collections
040 ## - CATALOGING SOURCE
Original cataloging agency SDCL
Transcribing agency SDCL
Language of cataloging eng
041 ## - LANGUAGE CODE
Source of code eng
Language code of text/sound track or separate title eng
100 ## - MAIN ENTRY--PERSONAL NAME
Personal name Sukhwal B L
9 (RLIN) 387091
245 #0 - TITLE STATEMENT
Title South Asia
Remainder of title A systematic Geographic bibliography.
260 ## - PUBLICATION, DISTRIBUTION, ETC.
Place of publication, distribution, etc. Metuchen
Name of publisher, distributor, etc. Scarecrow Press
Date of publication, distribution, etc. 1974
300 ## - PHYSICAL DESCRIPTION
Extent xxii,827p
Dimensions cm.
942 ## - ADDED ENTRY ELEMENTS (KOHA)
Classification part V43aN7, L4 RR
Koha item type Reference
Source of classification or shelving scheme Colon Classification (CC)
Holdings
Withdrawn status Lost status Damaged status Not for loan Home library Current library Date acquired Total Checkouts Full call number Barcode Date last seen Price effective from Koha item type
        South Campus Library South Campus Library 2022-09-28   V43aN7 L4 RR SC0545189 2022-09-28 2022-09-28 Reference
Copyright @ Delhi University Library System